000 00369nam a2200157Ia 4500
005 20240807062129.0
008 240806s9999||||xx |||||||||||||| ||eng||
041 _aeng
082 _a160
_bKOPT
100 _aKopi Aving M.
245 0 _aTark shastra ek prichay /
_cKopi Aving M.
260 _bPimarsan Education
300 _a566
650 _aPhilosophy
942 _cBK
999 _c9380
_d9380